Dirección y gestión de proyectos: un enfoque practico (Registro nro. 5003)

Detalles MARC
000 -Cabecera
Campo de control de longitud fija 01004aam a2200337 4500
005 - Fecha y hora de la última transacción
Campo de control 20250618145413.0
008 - Elementos de longitud fija--Información general
Campo de control de longitud fija 150427b2005 xxu||||| |||| 00| 0 spa d
020 ## - International Standard Book Number
Número Internacional Estándar del Libro (ISBN) 9701511301
041 ## - Idioma
Código de idioma Español
082 ## - Clasificación Decimal Dewey
Número de clasificación 658.404 D671d2
100 ## - Entrada principal--Autor personal
Nombre personal Domingo Ajenjo, Alberto
9 (RLIN) 25885
245 ## - Título propiamente dicho
Título Dirección y gestión de proyectos: un enfoque practico
260 ## - Pie de imprenta
Lugar de publicación, distribución, etc. México
260 ## - Pie de imprenta
Nombre del editor, distribuidor, etc. Alfaomega
260 ## - Pie de imprenta
Fecha de publicación, distribución, etc. 2005
300 ## - Descripción física
Extensión 331 páginas
490 ## - Serie
Título de la Serie Dirección y Administración de Empresas
505 ## - Nota de contenido
Nota de contenido Contiene disco compacto N° 505
650 ## - Materia general
Temática (materia general) GERENCIA DE PROYECTOS
650 ## - Materia general
Temática (materia general) DIRECCIÓN Y GESTIÓN DE PROYECTOS
650 ## - Materia general
Temática (materia general) ADMINISTRACIÓN DE PROYECTOS
650 ## - Materia general
Temática (materia general) TIPOS DE PROYECTOS
650 ## - Materia general
Temática (materia general) FASES DE PROYECTOS
650 ## - Materia general
Temática (materia general) DETECCIÓN DE OPORTUNIDADES
650 ## - Materia general
Temática (materia general) EVALUACIÓN DE PROYECTOS
650 ## - Materia general
Temática (materia general) PREPARACIÓN DE OFERTA
650 ## - Materia general
Temática (materia general) SEGUIMIENTO DE PROYECTO
650 ## - Materia general
Temática (materia general) CIERRE DEL PROYECTO
650 ## - Materia general
Temática (materia general) EJEMPLOS DE PROYECTO
942 ## - Punto de acceso adicional KOHA
Tipo de ítem KOHA Libro
Fuente del sistema de clasificación o colocación Dewey Decimal Classification
Existencias
Signatura completa Código de barras Programa Académico Tipo de ítem
658.404 D671d2 13889 Dirección y Administración de Empresas Libro
658.404 D671d2 505DC Dirección y Administración de Empresas Disco Compacto